| 000 | 01677cam a2200133 4500500 | ||
|---|---|---|---|
| 005 | 20260405032032.0 | ||
| 041 | _afre | ||
| 042 | _adc | ||
| 100 | 1 | 0 |
_aLequien, Pierre _eauthor |
| 245 | 0 | 0 | _aLe nouveau-né |
| 260 |
_bArmand Colin,
_c2005. |
||
| 520 | _aLa condition de nouveau-né a bien évolué. Les moyens alloués à la médecine périnatale, à la prévention notamment, et un savoir notablement accru concernant la période fœtale, l'adaptation à la vie extra-utérine et la physiologie néonatale ont considérablement minimisé les risques. Au-delà, la collaboration entre professionnels de la naissance, neuropsychologues du développement, psychologues et psychiatres contribue à offrir au nouveau-né un accueil emprunt d'humanité. Il y a cependant un revers de la médaille : dictature de l'aspiration à l'enfant « parfait » d'une part, difficulté à poser des limites raisonnables au « techniquement possible » de l'autre. Véritable condensé issu d'une expérience clinique exemplaire, ce petit livre répond aux questions de tous ceux pour qui le nouveau-né est une préoccupation professionnelle ou personnelle. Pierre LEQUIEN est professeur de pédiatrie à l'université de Lille II. Avant le nouveau-né : le fœtus. L'adaptation à la vie extra-utérine. Naître. L'examen du nouveau-né. La croissance fœtale. L'évolution neurocomportementale. Le nouveau-né : un être vulnérable. Nourrir le nouveau-né. Le souci de prévention. Les soins au nouveau-né : la puériculture. Le nouveau-né au cœur des politiques. | ||
| 856 | 4 | 1 | _uhttps://shs.cairn.info/le-nouveau-ne--9782200340414?lang=fr&redirect-ssocas=7080 |
| 999 |
_c2151754 _d2151754 |
||